• 首页
  • 本馆介绍
  • 公告通知
  • 最新文献
  • 馆藏检索
  • 电子资源
  • 读者导购
  • 参考咨询
  • 我的图书馆
  • 登录
  • 详细信息显示
  • 放入我的书架
  • 预约/预借图书
  • 作者相关作品
  • 分类相关作品
  • 丛书相关作品
  • 出版社相关作品

书目信息

  • 表格格式
  • 工作单格式
  • 卡片格式
题名:
周代朝聘制度研究
    
 
作者: 李无未 著
分册:  
出版信息: 长春   吉林人民出版社  2005
页数: 275页
开本: 21cm
丛书名:
单 册:
中图分类: D691.2
科图分类:
主题词: 政治制度--研究--中国--周代 , 政治制度
电子资源:
ISBN: 7-206-04616-9
000 00726nam0 2200229 450
001 002908542
005 20061104160149.62
010    @a7-206-04616-9@dCNY20.00
100    @a20050416d2005 em y0chiy0110 ea
101 0  @achi
102    @aCN@b220000
105    @ay z 000yy
200 1  @a周代朝聘制度研究@9zhou dai chao pin zhi du yan jiu@f李无未著
210    @a长春@c吉林人民出版社@d2005
215    @a275页@d21cm
330    @a本书共五章,内容包括了周代朝聘制度的产生与形成、西周朝聘制度、春秋时期朝聘制度的衰变、战国时期朝聘制度的破坏等。
606 0  @a政治制度@x研究@y中国@z周代
606 0  @a政治制度
690    @aD691.2@v4
701  0 @a李无未@9li wu wei@4著
801  0 @aCN@bNLC@c20061104
905    @a10447@dD691.2@e107
    
    周代朝聘制度研究/李无未著.-长春:吉林人民出版社,2005
    275页;21cm
    
    
    ISBN 7-206-04616-9:CNY20.00
    本书共五章,内容包括了周代朝聘制度的产生与形成、西周朝聘制度、春秋时期朝聘制度的衰变、战国时期朝聘制度的破坏等。
●
相关链接 在E读中查询图书 在五车中查询图书 在当当中查询图书 在豆瓣中查询图书


正题名:周代朝聘制度研究     索取号:D691.2/107         预约/预借

序号 登录号 条形码 馆藏地/架位号 状态 备注
1 0380837   203808371   第一样本阅览室/ [索取号:D691.2/107] 在馆    
2 0380838   203808380   第一借阅区/ [索取号:D691.2/107] 在馆    
3 0380839   203808399   第一借阅区/ [索取号:D691.2/107] 在馆    
4 0380840   203808406   第一借阅区/ [索取号:D691.2/107] 在馆    
5 0380841   203808415   第一借阅区/ [索取号:D691.2/107] 在馆    
唐山师范学院图书馆 欢迎您!
大连网信软件有限公司© 版权所有